Revidovaný koncepčný rámec IFRS

Projekt konvergencie koncepčného rámca IFRS. Formálna stránka zmien koncepčného rámca. Obsahová stránka zmien koncepčného rámca.

Salvato in:
Dettagli Bibliografici
Autore principale: Zeleníková, Katarína
Natura: Capitolo di libro
Lingua:slovacco
Soggetti:
Tags: Aggiungi Tag
Nessun Tag, puoi essere il primo ad aggiungerne!!

MARC

LEADER 00000nla$a2200000$$$4500
001 0145597
005 20240502072626.4
041 0 |a slo 
044 |a SK 
245 1 0 |a Revidovaný koncepčný rámec IFRS  |c Katarína Zeleníková 
520 |a Projekt konvergencie koncepčného rámca IFRS. Formálna stránka zmien koncepčného rámca. Obsahová stránka zmien koncepčného rámca. 
610 2 0 |a účtovníctvo 
610 2 0 |a IFRS 
610 2 0 |a štandardy účtovné medzinárodné 
610 2 0 |a závierka účtovná 
610 2 0 |a revízia 
100 1 |a Zeleníková, Katarína